000 00348 a2200169 4500
001 192509
020 _a978-85-08-17279-5
040 _cMagnum
100 _aFrança, Mary
240 1 0 _aO rabo do gato
_lpor
245 1 0 _aO rabo do gato
300 _a16
362 0 _a2015
440 1 _aÁtica
697 _aLITERATURA INFANTIL
942 _cBK
999 _c192509
_d192509